000 00923nam a22002537a 4500
003 LK-CoMWRAF
005 20231225155748.0
008 231225b |||||||| |||| 00| 0 eng d
040 _aLK-CoMWRAF
_dLK-CoMWRAF
_eLK-CoMWRAF
041 _aeng
082 _a305.8
_bSEN
100 _aSeneviratne, H. L.
245 _aBuddhism, identity and conflict
260 _aColombo:
_b International Centre for Ethnic Studies,
_c2004
300 _a29 p. ; 23 cm.
490 _aICES ethnicity course series
_v2
505 _aA lecture delivered at the course on ethnicity, identity and conflict, ICES auditorium, Colombo on 14th August 2002
650 _a Sinhalese (Sri Lankan people)--Ethnic identity
650 _aTamil (Indic people)--Sri Lanka--Ethnic identity
650 _aEthnic conflict--Sri Lanka
650 _aSri Lanka--Ethnic relations
856 _uhttps://noolaham.net/project/62/6133/6133.pdf
942 _cBK
999 _c4560
_d4560